| 000 | 00834nam a2200289 a 4500 | ||
|---|---|---|---|
| 999 |
_c1083 _d1083 |
||
| 001 | 12807 | ||
| 003 | BD-DhUAP | ||
| 005 | 20200202153131.0 | ||
| 008 | 200202s2007 ii 001 0 eng d | ||
| 020 | _a9788180381447 | ||
| 040 |
_aDLC _cDLC _dBD-DhUAP _bEng |
||
| 082 | 0 | 0 |
_a346.54 MUL _223 |
| 100 | 1 | _aMulla, Dinshah Fardunji. | |
| 245 | 1 | 0 |
_aMulla Principles of Hindu law / _cDinshah Fardunji Mulla and Satyajeet A Desai. |
| 250 | _a20th ed. | ||
| 260 |
_aNew Delhi : _bLexisNexis Butterworths, _cc2007. |
||
| 300 |
_avolumes ; _c24 cm. |
||
| 504 | _aIncludes index. | ||
| 505 | _aV. 1-- | ||
| 650 | 0 |
_aCivil law _zIndia. |
|
| 650 | 0 | _aHindu law. | |
| 650 | 0 |
_aHindus _xLegal status, laws, etc. _zIndia. |
|
| 700 | 1 | _aDesai, Satyajeet A. | |
| 942 |
_2ddc _cBK |
||